000
00226 a2200109 4500
003
Nust
005
20170207154223.0
040
_c
Nust
082
_a
371.33
245
_a
Fly Away (VHS-127)
440
_a
Fly Away (VHS-127)
538
_a
Duration in Minutes-95
999
_c
195415
_d
195415